[Event "Troy (TCC/X/1b/5)"]
[Site "?"]
[Date "1993.??.??"]
[Round "?"]
[White "Chehayeb, Sal"]
[Black "Ball, Ed"]
[Result "0-1"]
[WhiteElo "2120"]
[BlackElo "2000"]
[PlyCount "128"]
[EventDate "1993.??.??"]

1. e4 g6 2. d4 Bg7 3. c3 d6 4. Bd3 c6 5. f4 Nd7 6. Nf3 e6 7. Be3 Ne7 8. Nbd2 b5
9. Rc1 d5 10. e5 Nb6 11. O-O Nc4 12. Nxc4 bxc4 13. Bb1 Rb8 14. Rc2 a5 15. Rcf2
Qb6 16. Kh1 Qa7 17. Bc1 a4 18. a3 Bd7 19. Ng1 c5 20. Ne2 Nc6 21. g4 Na5 22. f5
O-O 23. f6 Bh8 24. Rf3 cxd4 25. cxd4 Rb3 26. Rxb3 cxb3 27. Rf3 Qa6 28. Rh3 Bb5
29. Nc3 Rc8 30. Qe1 Bf1 31. Rf3 Bb5 32. Qh4 Be2 33. Rh3 h5 34. gxh5 Bxh5 35.
Bd3 Qb6 36. Bh6 Rxc3 37. bxc3 b2 38. Bb1 Qb3 39. Qe1 Qd1 40. Re3 Nc4 41. Qxd1
Bxd1 42. Re1 Bh5 43. Kg2 Nxa3 44. Ba2 Nb5 45. Bd2 Kf8 46. c4 dxc4 47. Bb4+ Ke8
48. Bxc4 Nxd4 49. Bc3 Nf3 50. Bb5+ Kd8 51. Ba5+ Kc8 52. Rb1 Nxe5 53. Rxb2 Bxf6
54. Rc2+ Kb8 55. Bxa4 Bf3+ 56. Kg3 Bd5 57. Bc7+ Kb7 58. Bd6 Kb6 59. Be8 Nc4 60.
Bb4 Be5+ 61. Kh4 Ne3 62. Rf2 Nf5+ 63. Kg5 f6+ 64. Kxg6 Be4 0-1

[Event "East Lansing (MI Op/7/8)"]
[Site "?"]
[Date "1993.??.??"]
[Round "?"]
[White "Chehayeb, Sal"]
[Black "Aldrich, Jeff"]
[Result "0-1"]
[WhiteElo "2070"]
[BlackElo "1900"]
[PlyCount "47"]
[EventDate "1993.??.??"]

{7/(8)} 1. e4 c6 2. d4 d5 3. exd5 cxd5 4. c4 Nf6 5. Nc3 e6 6. c5 Nc6 7. Bb5 Bd7
8. Nf3 b6 9. Bxc6 Bxc6 10. Ne5 Qc8 11. b4 Ne4 12. Qf3 Qc7 13. Bf4 g5 14. Nxc6
Qxf4 15. Qxf4 gxf4 16. Nxe4 dxe4 17. O-O-O a5 18. a3 axb4 19. axb4 Rc8 20. Ne5
bxc5 21. dxc5 Bxc5 22. b5 Bxf2+ 23. Nc6 e3 24. Rdf1 0-1

[Event "Flint (MI Jr/3)"]
[Site "?"]
[Date "1993.??.??"]
[Round "?"]
[White "Charette, K."]
[Black "Princing, D."]
[Result "1-0"]
[WhiteElo "1605"]
[BlackElo "1605"]
[PlyCount "77"]
[EventDate "1993.??.??"]

1. d4 d5 2. Nf3 Nc6 3. e3 a6 4. Bd3 Nf6 5. O-O e6 6. Re1 Bd6 7. Nbd2 e5 8. e4
exd4 9. exd5+ Ne7 10. Nxd4 Nfxd5 11. a3 O-O 12. Nc4 Bc5 13. c3 Nf6 14. Bb1 Bg4
15. Qd3 g6 16. Bg5 Ned5 17. Ne3 Qe8 18. Ba2 Qe5 19. Bxf6 Nxf6 20. Nxg4 Qg5 21.
Nxf6+ Qxf6 22. Rad1 Bd6 23. Qf3 Qxf3 24. Nxf3 Rad8 25. Ng5 Rd7 26. Ne4 Re8 27.
Nf6+ Kg7 28. Nxe8+ Kh8 29. Nxd6 cxd6 30. c4 f5 31. c5 f4 32. cxd6 g5 33. Re7
Rd8 34. d7 Rb8 35. Re8+ Rxe8 36. dxe8=Q+ Kg7 37. Rd7+ Kh6 38. Qe6+ Kh5 39.
Rxh7# 1-0

[Event "Flint (MI Jr/2)"]
[Site "?"]
[Date "1993.??.??"]
[Round "?"]
[White "Charette, K."]
[Black "Hill, Brent"]
[Result "0-1"]
[WhiteElo "1605"]
[BlackElo "1605"]
[PlyCount "152"]
[EventDate "1993.??.??"]

1. d4 d5 2. Nf3 Nc6 3. e3 Bg4 4. h3 Bxf3 5. Qxf3 e5 6. Bb5 Nge7 7. dxe5 a6 8.
Bxc6+ Nxc6 9. Qg3 Nb4 10. Na3 Nc6 11. O-O d4 12. Nc4 b5 13. Nd2 Nb4 14. c3 Nc2
15. Rb1 dxc3 16. bxc3 Qd3 17. Qf3 Ra7 18. Ne4 Be7 19. Rd1 Qc4 20. Rb2 Na3 21.
Rbd2 O-O 22. Bxa3 Bxa3 23. Qg4 Be7 24. Rd7 Bc5 25. Nxc5 Qxc5 26. e6 c6 27. Rxa7
Qxa7 28. Rd7 Qc5 29. e7 Re8 30. Qe4 Qb6 31. Qf4 c5 32. Qd6 Qxd6 33. Rxd6 f6 34.
Rxa6 Rxe7 35. Ra5 Rb7 36. c4 g5 37. cxb5 c4 38. f4 c3 39. Ra3 Rc7 40. b6 c2 41.
bxc7 c1=Q+ 42. Kf2 Qxc7 43. fxg5 fxg5 44. Ra8+ Kg7 45. a4 h5 46. a5 Qb7 47. Rd8
Qf7+ 48. Ke2 Qa2+ 49. Kf3 Qxa5 50. Rd7+ Kf6 51. Rd6+ Kf5 52. e4+ Ke5 53. Rd5+
Qxd5 54. exd5 Kxd5 55. g3 Ke5 56. g4 h4 57. Kg2 Kf4 58. Kh2 Kf3 59. Kh1 Kg3 60.
Kg1 Kxh3 61. Kh1 Kxg4 62. Kh2 Kf3 63. Kh3 Kf4 64. Kh2 g4 65. Kg2 h3+ 66. Kh2
Kf3 67. Kg1 g3 68. Kh1 g2+ 69. Kg1 h2+ 70. Kxh2 Kf2 71. Kh3 g1=Q 72. Kh4 Kf3
73. Kh5 Kf4 74. Kh6 Kf5 75. Kh7 Kf6 76. Kh8 Qg7# 0-1

[Event "Lansing (MI Am/4)"]
[Site "?"]
[Date "1993.??.??"]
[Round "?"]
[White "Chandler, P."]
[Black "Skidmore, Mike"]
[Result "1-0"]
[WhiteElo "1820"]
[BlackElo "1910"]
[PlyCount "95"]
[EventDate "1993.??.??"]

1. c4 c6 2. Nc3 e6 3. d4 d5 4. e4 dxe4 5. Nxe4 Bb4+ 6. Nc3 Bxc3+ 7. bxc3 Nf6 8.
Ba3 Qa5 9. Bb4 Qh5 10. Qxh5 Nxh5 11. g3 Nf6 12. Bg2 Nbd7 13. Nf3 Nb6 14. Ne5
Nfd7 15. Nxd7 Bxd7 16. c5 Nd5 17. Rc1 O-O 18. Ba3 Rfe8 19. O-O e5 20. c4 Nf6
21. d5 e4 22. Bb2 Ng4 23. Rfe1 e3 24. fxe3 Nxe3 25. Bf3 cxd5 26. cxd5 Rac8 27.
Bd4 Nf5 28. Bf2 a6 29. Rxe8+ Rxe8 30. Re1 Rxe1+ 31. Bxe1 Nd4 32. Bg2 Kf8 33.
Kf2 g6 34. Bc3 Nf5 35. Ke2 Ke8 36. d6 Bb5+ 37. Kd2 Bc6 38. Bxc6+ bxc6 39. Kd3
h5 40. Bf6 Nh6 41. h3 Kd7 42. Kc3 Ke6 43. Bg5 Nf5 44. Bf4 f6 45. h4 Ng7 46. Kb4
Kd5 47. d7 Ne6 48. Bc7 1-0

[Event "Lansing (MI Am/1)"]
[Site "?"]
[Date "1993.??.??"]
[Round "?"]
[White "Chandler, P."]
[Black "Repas, B."]
[Result "1-0"]
[WhiteElo "1820"]
[BlackElo "1605"]
[PlyCount "55"]
[EventDate "1993.??.??"]

1. c4 e5 2. Nc3 Nf6 3. d3 Nc6 4. g3 Bb4 5. Bd2 b6 6. Bg2 Bb7 7. a3 Be7 8. Nf3
Rb8 9. O-O O-O 10. b4 Nd4 11. Nxe5 Bxg2 12. Kxg2 d6 13. Nf3 Nxf3 14. exf3 d5
15. Qc2 dxc4 16. dxc4 c5 17. Ne4 Rc8 18. Rfd1 Qc7 19. Bf4 Qc6 20. b5 Qe6 21.
Ng5 Rfe8 22. Nxe6 fxe6 23. Be5 h6 24. Qg6 Rf8 25. Rd7 Rf7 26. Rxa7 Rd8 27. Rxe7
Rxe7 28. Bxf6 1-0

[Event "Lansing (MI Am/3)"]
[Site "?"]
[Date "1993.??.??"]
[Round "?"]
[White "Chandler, P."]
[Black "Randel, D."]
[Result "1-0"]
[WhiteElo "1820"]
[BlackElo "1605"]
[PlyCount "57"]
[EventDate "1993.??.??"]

1. c4 c5 2. Nc3 Nc6 3. g3 g6 4. Bg2 Bg7 5. Nf3 Nf6 6. O-O O-O 7. a3 d6 8. Rb1
Bd7 9. d3 a6 10. b4 cxb4 11. axb4 Rb8 12. Qb3 b5 13. Qa3 bxc4 14. dxc4 Bc8 15.
b5 axb5 16. cxb5 Na5 17. Be3 Nc4 18. Qc1 Nxe3 19. Qxe3 Qb6 20. Qxb6 Rxb6 21.
Na4 Rb8 22. Nd4 Bd7 23. Nc6 Bxc6 24. Bxc6 Ng4 25. b6 Ne5 26. Bg2 Nc4 27. Rfc1
Na5 28. Rc7 Rfc8 29. Rb5 1-0

[Event "Lansing (MI Am/3)"]
[Site "?"]
[Date "1993.??.??"]
[Round "?"]
[White "Chamberlain, P."]
[Black "McCarter, Robert"]
[Result "0-1"]
[WhiteElo "1605"]
[BlackElo "1715"]
[PlyCount "116"]
[EventDate "1993.??.??"]

1. d4 Nf6 2. Nf3 g6 3. Bg5 Bg7 4. Nbd2 d6 5. e4 c5 6. c3 O-O 7. Be2 Nbd7 8. O-O
a6 9. a4 Qc7 10. Re1 h6 11. Bxf6 Bxf6 12. d5 Ne5 13. Nc4 Nxf3+ 14. Bxf3 Bd7 15.
a5 Bg7 16. Nb6 Rad8 17. Nxd7 Rxd7 18. Bg4 Rdd8 19. Qc2 Rde8 20. f4 h5 21. Bh3
Bh6 22. f5 g5 23. g3 g4 24. Bf1 Kh8 25. Be2 Rg8 26. Qd1 e6 27. f6 exd5 28. exd5
Qd8 29. Rf1 Rg6 30. Qd3 Rxf6 31. Rxf6 Qxf6 32. Rf1 Qg6 33. Qxg6 fxg6 34. Bd3
Kg7 35. Kh1 Re5 36. c4 Re3 37. Bb1 Rb3 38. Rf2 Bc1 39. Ba2 Rxb2 40. Rxb2 Bxb2
41. Bb3 Bc3 42. Ba4 Bxa5 43. Kg2 Kf6 44. Kf2 Bc3 45. Bd7 Bd4+ 46. Kg2 a5 47.
Bb5 Ke5 48. Be8 Kf6 49. Bb5 Ke7 50. Kf1 g5 51. Kg2 h4 52. Kf1 Kf6 53. Bd7 Ke5
54. Bxg4 a4 55. Bd1 a3 56. Bb3 Ke4 57. Ke2 hxg3 58. hxg3 Be5 0-1

[Event "Lansing (MI Am/1)"]
[Site "?"]
[Date "1993.??.??"]
[Round "?"]
[White "Chamberlain, P."]
[Black "Armstead, Curt"]
[Result "0-1"]
[WhiteElo "1605"]
[BlackElo "1895"]
[PlyCount "70"]
[EventDate "1993.??.??"]

1. d4 Nf6 2. Nf3 g6 3. Bg5 Bg7 4. Nbd2 O-O 5. e4 d6 6. Bc4 c6 7. c3 Qc7 8. O-O
Nbd7 9. Bb3 e5 10. Re1 b5 11. Rc1 Rb8 12. a3 Nb6 13. c4 exd4 14. Nxd4 Ng4 15.
N4f3 bxc4 16. Bxc4 Bxb2 17. Rc2 Bxa3 18. h3 Ne5 19. Qa1 Bb4 20. Rd1 Nbxc4 21.
Nxc4 f6 22. Bh6 Re8 23. Nfd2 Be6 24. Nxe5 dxe5 25. Rdc1 c5 26. Be3 Rb5 27. Nf1
Reb8 28. Ng3 Ra5 29. Qxa5 Qxa5 30. Bxc5 Bxc5 31. Rxc5 Qd8 32. Rc7 Rc8 33. Rxc8
Bxc8 34. Nf1 Be6 35. Ne3 Qd4 0-1

[Event "Eastpointe (EDO/2/18)"]
[Site "?"]
[Date "1993.??.??"]
[Round "?"]
[White "Carvell, John"]
[Black "Sturgis, Derreck"]
[Result "1-0"]
[WhiteElo "1605"]
[BlackElo "1605"]
[PlyCount "47"]
[EventDate "1993.??.??"]

{2/(18)} 1. e4 c5 2. Nf3 Nc6 3. d4 cxd4 4. Nxd4 Nf6 5. Nc3 e5 6. Ndb5 d6 7. Bg5
a6 8. Na3 b5 9. Nd5 Be6 10. c3 Be7 11. Bxf6 gxf6 12. Qh5 Bf8 13. Bd3 Na5 14.
O-O Rc8 15. Nc2 Bxd5 16. exd5 Nc4 17. Qe2 Nxb2 18. Bxb5+ Ke7 19. Nb4 axb5 20.
Qxb2 Ke8 21. Nc6 Qb6 22. a4 f5 23. Qxb5 Qxb5 24. axb5 1-0

[Event "Troy (TCC/C/1a/5)"]
[Site "?"]
[Date "1993.??.??"]
[Round "?"]
[White "Carvell, John"]
[Black "Solski, Jeff"]
[Result "0-1"]
[WhiteElo "1605"]
[BlackElo "1605"]
[PlyCount "68"]
[EventDate "1993.??.??"]

1. e4 d6 2. d4 Nf6 3. Nc3 g6 4. f4 Bg7 5. Nf3 O-O 6. Bd3 Na6 7. O-O c5 8. h3
Nh5 9. e5 cxd4 10. Ne2 dxe5 11. Bxa6 bxa6 12. Nxe5 Bb7 13. Qxd4 Qc7 14. Qd7
Qb6+ 15. Kh2 Rad8 16. Qxe7 Bf6 17. Qa3 Rfe8 18. Be3 Qc7 19. Ng4 Qxc2 20. Nxf6+
Nxf6 21. Rf2 Ne4 22. Rc1 Qd3 23. Qxd3 Rxd3 24. Rf3 Nd2 25. Bxd2 Bxf3 26. Ng1
Bxg2 27. Kxg2 Rxd2+ 28. Kf3 Rxb2 29. Ra1 a5 30. a4 f5 31. h4 Rb3+ 32. Kg2 Re4
33. Nh3 Ree3 34. Ng5 h6 0-1

[Event "Troy (TCC/C/3/11)"]
[Site "?"]
[Date "1993.??.??"]
[Round "?"]
[White "Carvell, John"]
[Black "Rosebrook, G."]
[Result "1-0"]
[WhiteElo "1605"]
[BlackElo "1605"]
[PlyCount "105"]
[EventDate "1993.??.??"]

{3/(11)} 1. e4 c5 2. Nf3 Nc6 3. d4 cxd4 4. Nxd4 e6 5. Nc3 Bb4 6. Nxc6 Bxc3+ 7.
bxc3 bxc6 8. e5 Qa5 9. Qd4 Ne7 10. Bd3 Qd5 11. O-O Qxd4 12. cxd4 Nd5 13. c4 Nc7
14. Ba3 f6 15. exf6 gxf6 16. Bd6 Na6 17. f4 Bb7 18. f5 Kf7 19. Rab1 Bc8 20. c5
Rg8 21. fxe6+ dxe6 22. Be5 f5 23. Be2 Ke7 24. Rf4 Rg6 25. Rh4 h6 26. Bh5 Rg5
27. Bf4 Rg8 28. Bxh6 Nc7 29. Bf4 Nd5 30. Bd6+ Kf6 31. Bf3 Ba6 32. Be5+ Kg6 33.
Rh3 f4 34. Be4+ Kg5 35. g3 Nc3 36. gxf4+ Kg4 37. Rg3+ Kh5 38. Bf3+ Kh6 39. Rb3
Nxa2 40. Bxc6 Raf8 41. Ra3 Bc4 42. Rxa7 Rxg3+ 43. hxg3 Rg8 44. Kf2 Nc3 45. Ra1
Kg6 46. Rc1 Bd5 47. Bxd5 Nxd5 48. c6 Ne7 49. c7 Rc8 50. Rb1 Kf7 51. Rb8 Ke8 52.
Rxc8+ Nxc8 53. Ke3 1-0

[Event "Eastpointe (EDO/3/11)"]
[Site "?"]
[Date "1993.??.??"]
[Round "?"]
[White "Carvell, John"]
[Black "Paldan, G."]
[Result "1-0"]
[WhiteElo "1605"]
[BlackElo "1850"]
[PlyCount "61"]
[EventDate "1993.??.??"]

{3/(11)} 1. e4 c5 2. Nf3 a6 3. c4 g6 4. d4 Bg7 5. Be2 cxd4 6. Nxd4 Nc6 7. Nxc6
bxc6 8. O-O d6 9. Qc2 Nf6 10. Rd1 Nd7 11. Bg5 Qc7 12. Nd2 Nc5 13. Rab1 Ne6 14.
Nf3 Nxg5 15. Nxg5 O-O 16. b4 e6 17. Kh1 d5 18. cxd5 exd5 19. exd5 Qe7 20. Qxc6
Bb7 21. d6 Bxc6 22. dxe7 Rfe8 23. Rd6 Rxe7 24. Rxc6 Rxe2 25. a4 Rxf2 26. Ne4
Rf4 27. Nc5 a5 28. b5 Bf8 29. b6 Rc4 30. b7 Re8 31. Rc8 1-0

[Event "Troy (TCC/C/5/11)"]
[Site "?"]
[Date "1993.??.??"]
[Round "?"]
[White "Carvell, John"]
[Black "Lane, T."]
[Result "1-0"]
[WhiteElo "1605"]
[BlackElo "1605"]
[PlyCount "82"]
[EventDate "1993.??.??"]

{5/(11)} 1. e4 c5 2. Nf3 d6 3. d4 cxd4 4. Nxd4 Nf6 5. Nc3 a6 6. Bg5 e6 7. f4
Be7 8. Qf3 Qc7 9. O-O-O O-O 10. Qg3 Nh5 11. Qh4 Bxg5 12. Qxg5 g6 13. f5 Qd8 14.
Qg4 Re8 15. Bc4 Nf6 16. Qf3 e5 17. fxg6 hxg6 18. Nd5 Kg7 19. Qxf6+ Qxf6 20.
Nxf6 Rf8 21. Rhf1 exd4 22. Rxd4 Rd8 23. e5 Nc6 24. Rh4 Nxe5 25. Rh7+ Kf8 26.
Rh8+ Ke7 27. Nd5+ Kd7 28. Nb6+ Ke7 29. Rxd8 Kxd8 30. Nxa8 Nxc4 31. Rxf7 Bf5 32.
Rxb7 Be4 33. Rb8+ Kd7 34. Nb6+ Nxb6 35. Rxb6 Bxg2 36. Rxa6 g5 37. Ra7+ Ke6 38.
a4 Kd5 39. b3 Kc5 40. c3 Kb6 41. Re7 d5 1-0

[Event "Eastpointe (EDO/5/14)"]
[Site "?"]
[Date "1993.??.??"]
[Round "?"]
[White "Carvell, John"]
[Black "Jackson, K."]
[Result "1-0"]
[WhiteElo "1605"]
[BlackElo "1605"]
[PlyCount "92"]
[EventDate "1993.??.??"]

{5/(14)} 1. e4 d5 2. exd5 Qxd5 3. Nc3 Qa5 4. d4 c5 5. dxc5 Qxc5 6. Bb5+ Bd7 7.
Bxd7+ Nxd7 8. Be3 Qa5 9. Nf3 Ngf6 10. O-O e6 11. a3 Qh5 12. h3 Bc5 13. Bxc5
Qxc5 14. Qe2 O-O 15. Rfd1 Rfe8 16. Ne4 Nxe4 17. Qxe4 Nf6 18. Qa4 Qc6 19. Qxc6
bxc6 20. Rd6 Rab8 21. b4 Rbc8 22. Ne5 c5 23. b5 Red8 24. Rad1 Rxd6 25. Rxd6 Ne4
26. Rd3 Kf8 27. a4 c4 28. Rd4 Nc3 29. Rd7 g6 30. Nc6 a6 31. b6 Rxc6 32. b7 Ke8
33. Rc7 Rb6 34. Rc8+ Kd7 35. b8=Q Rxb8 36. Rxb8 Nxa4 37. Rb7+ Kd6 38. Rxf7 Nc5
39. Ra7 c3 40. h4 Ke5 41. h5 Nd3 42. cxd3 c2 43. Rc7 c1=Q+ 44. Rxc1 Kf5 45. g4+
Kg5 46. Ra1 Kxg4 1-0

[Event "East Lansing (MOR/1a/8)"]
[Site "?"]
[Date "1993.??.??"]
[Round "?"]
[White "Carr, Jay"]
[Black "Troupe, D."]
[Result "1-0"]
[WhiteElo "1725"]
[BlackElo "1605"]
[PlyCount "67"]
[EventDate "1993.??.??"]

1. c4 e5 2. Nc3 Nc6 3. g3 Bb4 4. Bg2 Nge7 5. e3 Bxc3 6. bxc3 d6 7. d4 exd4 8.
cxd4 O-O 9. Ne2 Bg4 10. O-O Qd7 11. Qd2 b6 12. Bb2 Rad8 13. Nf4 g5 14. Nd3 Bh3
15. Qc3 d5 16. e4 g4 17. exd5 Na5 18. Nf4 Qf5 19. Rfe1 Ng6 20. Be4 Qf6 21. Nxh3
gxh3 22. Re3 Nb7 23. Rae1 Nd6 24. Bc2 Qg5 25. Ba3 Nf4 26. Re5 Qg4 27. f3 Qg7
28. Kf2 Ng6 29. R5e3 Nf4 30. Re7 Ng2 31. R1e5 Rfe8 32. Bxd6 Rxe7 33. Bxe7 Rd7
34. Rg5 1-0

[Event "Flint (MI Senior/2)"]
[Site "?"]
[Date "1993.??.??"]
[Round "?"]
[White "Carr, Jay"]
[Black "Pence, Mark"]
[Result "0-1"]
[WhiteElo "1720"]
[BlackElo "2115"]
[PlyCount "76"]
[EventDate "1993.??.??"]

1. c4 c5 2. Nc3 Nf6 3. g3 g6 4. Bg2 Bg7 5. Nf3 O-O 6. O-O Nc6 7. e3 d5 8. d3 d4
9. exd4 cxd4 10. Ne2 e5 11. Nd2 Bf5 12. Ne4 Nxe4 13. dxe4 Be6 14. b3 Qa5 15.
Bd2 Qa3 16. Qc1 Qxc1 17. Nxc1 b6 18. Nd3 Rfc8 19. Rfc1 f6 20. Bf1 Bf8 21. Rc2
a5 22. a3 Bf7 23. Raa2 Nd8 24. Nc1 Nb7 25. b4 axb4 26. axb4 Rxa2 27. Nxa2 Nd6
28. f3 Bxc4 29. Bxc4+ Rxc4 30. Rxc4 Nxc4 31. Be1 d3 32. Kf1 d2 33. Bxd2 Nxd2+
34. Ke2 Nb3 35. Kd3 Nd4 36. f4 b5 37. fxe5 fxe5 38. g4 Be7 0-1

[Event "Flint (MI Senior/4)"]
[Site "?"]
[Date "1993.??.??"]
[Round "?"]
[White "Carr, Jay"]
[Black "Basas, J."]
[Result "1-0"]
[WhiteElo "1720"]
[BlackElo "1655"]
[PlyCount "73"]
[EventDate "1993.??.??"]

1. c4 e5 2. Nc3 Bc5 3. Nf3 d6 4. d3 Nf6 5. g3 Ng4 6. e3 c6 7. Bg2 Nf6 8. O-O
Bg4 9. Qd2 Nbd7 10. d4 Bb4 11. a3 Bxc3 12. Qxc3 Ne4 13. Qb3 Rb8 14. Nxe5 dxe5
15. Bxe4 O-O 16. Bg2 Qf6 17. Qc3 Bf3 18. dxe5 Nxe5 19. e4 Be2 20. f4 Nd3 21.
Qxf6 gxf6 22. Be3 Bxf1 23. Bxf1 Nxb2 24. Rb1 Na4 25. Bxa7 Rbd8 26. Rb4 Nc3 27.
Bg2 Rd1+ 28. Kf2 Rb1 29. Bd4 Rxb4 30. axb4 Na4 31. c5 Rd8 32. Ke3 Rxd4 33. Kxd4
Nb2 34. Bf1 Nd1 35. Be2 Nf2 36. Ke3 Nh3 37. Bg4 1-0

[Event "East Lansing (MOR/5/3)"]
[Site "?"]
[Date "1993.??.??"]
[Round "?"]
[White "Carr, J."]
[Black "Munger, Larry"]
[Result "0-1"]
[WhiteElo "1725"]
[BlackElo "1700"]
[PlyCount "62"]
[EventDate "1993.??.??"]

{5/(3)} 1. c4 Nf6 2. Nc3 g6 3. e4 d6 4. d4 Bg7 5. Be2 O-O 6. Bg5 e5 7. d5 Nbd7
8. Qd2 a6 9. a4 Nc5 10. Qc2 Qe8 11. b4 Ncd7 12. Bd3 Nh5 13. Nge2 f6 14. Be3 Bh8
15. O-O Rf7 16. g4 Ng7 17. f4 exf4 18. Bxf4 Ne5 19. g5 Nh5 20. gxf6 Rxf6 21.
Bg5 Nf3+ 22. Rxf3 Rxf3 23. Kg2 Bg4 24. Ng1 Nf4+ 25. Kh1 Rxd3 26. Bxf4 Rxc3 27.
Qg2 Bh5 28. c5 Bd4 29. cxd6 cxd6 30. Bxd6 Bxg1 31. Rf1 Bd4 0-1

[Event "East Lansing (MOR/3/8)"]
[Site "?"]
[Date "1993.??.??"]
[Round "?"]
[White "Carr, J."]
[Black "Etienne, T."]
[Result "1/2-1/2"]
[WhiteElo "1725"]
[BlackElo "1605"]
[PlyCount "108"]
[EventDate "1993.??.??"]

{3/(8)} 1. c4 Nf6 2. Nc3 c5 3. g3 e6 4. Bg2 Be7 5. e3 O-O 6. Nge2 d5 7. cxd5
exd5 8. d4 Be6 9. O-O Nc6 10. dxc5 Bxc5 11. a3 Qd7 12. b4 Bb6 13. Bb2 Rfd8 14.
Nf4 d4 15. Na4 dxe3 16. Nxb6 exf2+ 17. Kxf2 Ng4+ 18. Qxg4 Bxg4 19. Nxd7 Rxd7
20. Bc3 Rad8 21. h3 Bf5 22. Bf3 g5 23. Nh5 Rd3 24. Rac1 Bxh3 25. Rfd1 f5 26.
Ke2 Rxd1 27. Rxd1 Re8+ 28. Kf2 Re7 29. Bd5+ Kf8 30. b5 Bg4 31. Bf3 Bxf3 32.
Kxf3 Ne5+ 33. Bxe5 Rxe5 34. Rb1 Kf7 35. Rb4 Kg6 36. g4 f4 37. Rb3 b6 38. a4 Re1
39. Rd3 Re7 40. Rd6+ Kf7 41. Rf6+ Kg8 42. Rd6 Kf7 43. Nf6 Kg7 44. Nd5 Rf7 45.
Rc6 Rd7 46. Rc7 Rxc7 47. Nxc7 Kf7 48. Nd5 Ke6 49. Nc3 Ke5 50. Ne4 h6 51. Nc3
Kd4 52. Ne4 Ke5 53. Nc3 Kd4 54. Ne4 Ke5 1/2-1/2

[Event "East Lansing (MOR/7/9)"]
[Site "?"]
[Date "1993.??.??"]
[Round "?"]
[White "Carr, J."]
[Black "Basas, J."]
[Result "0-1"]
[WhiteElo "1725"]
[BlackElo "1650"]
[PlyCount "76"]
[EventDate "1993.??.??"]

{7/(9)} 1. c4 e5 2. Nc3 Nf6 3. g3 Bc5 4. Bg2 d6 5. e3 Nc6 6. Nge2 Bf5 7. O-O
Bd3 8. b3 h5 9. h4 Qd7 10. f3 Nb4 11. Bb2 Bc2 12. Qc1 Bf5 13. Ne4 Nxe4 14. fxe4
Bh3 15. Kh2 Bxg2 16. Kxg2 Qg4 17. Nc3 Nd3 18. Qc2 Nxb2 19. Qxb2 Bb4 20. d3 Bxc3
21. Qxc3 g5 22. hxg5 Qe2+ 23. Rf2 Qxe3 24. Raf1 h4 25. Rf3 Qxg5 26. Qe1 O-O-O
27. Rxf7 Rdg8 28. R1f3 Qh5 29. R7f5 Qg4 30. Qf2 Qh3+ 31. Kg1 hxg3 32. Rf8+ Kd7
33. R8f7+ Ke8 34. Qg2 Qxg2+ 35. Kxg2 Rh2+ 36. Kg1 Rf2 37. R7f5 Rxa2 38. b4 g2
0-1

[Event "East Lansing (MOR/2/32)"]
[Site "?"]
[Date "1993.??.??"]
[Round "?"]
[White "Carpenter, O."]
[Black "Stockman, David"]
[Result "0-1"]
[WhiteElo "1605"]
[BlackElo "1675"]
[PlyCount "72"]
[EventDate "1993.??.??"]

{2/(32)} 1. e4 e6 2. d3 d5 3. Nd2 Bd6 4. Ngf3 c5 5. e5 Bc7 6. g3 Nc6 7. a3 Nxe5
8. Nxe5 Bxe5 9. Nf3 Bf6 10. Bg2 Ne7 11. O-O Nc6 12. c3 Bd7 13. Re1 O-O 14. Be3
d4 15. Bd2 Qb6 16. Rb1 Qa6 17. c4 Ne7 18. Qc1 h6 19. Bxh6 gxh6 20. Qxh6 Bg7 21.
Qg5 f6 22. Qxc5 Nf5 23. Nxd4 Rac8 24. Qb4 Nxd4 25. Bxb7 Qa4 26. Qd6 Nf5 27. Qf4
Rb8 28. Be4 e5 29. Qf3 Nd4 30. Qh5 f5 31. Bd5+ Be6 32. Bxe6+ Nxe6 33. Qg6 Rf6
34. Qh5 Qc2 35. Rxe5 Qxb1+ 36. Kg2 Qxd3 $138 0-1

[Event "East Lansing (MOR/5/37)"]
[Site "?"]
[Date "1993.??.??"]
[Round "?"]
[White "Carpenter, O."]
[Black "Solski, Jeff"]
[Result "0-1"]
[WhiteElo "1605"]
[BlackElo "1605"]
[PlyCount "58"]
[EventDate "1993.??.??"]

{5/(37)} 1. e4 d6 2. Nf3 c5 3. d3 Nc6 4. c3 Nf6 5. g3 Bg4 6. Bg2 g6 7. h3 Bd7
8. O-O Bg7 9. Nh4 Qc8 10. Kh2 Ne5 11. f4 Nc6 12. Be3 Bg4 13. Qe1 Bd7 14. Nd2 h6
15. Nhf3 Nh5 16. g4 Nf6 17. e5 dxe5 18. Nxe5 Nxe5 19. fxe5 Nh7 20. Bd5 Bxe5+
21. Kg2 Nf6 22. Ne4 Nxd5 23. Bxc5 Bxg4 24. Nf2 Nf4+ 25. Kg1 Be2 26. d4 Qc6 27.
Ne4 Nxh3+ 28. Kg2 Qxe4+ 29. Kxh3 Qg4# 0-1

[Event "Flint (MI Senior/4)"]
[Site "?"]
[Date "1993.??.??"]
[Round "?"]
[White "Carpenter, O."]
[Black "Repas, B."]
[Result "0-1"]
[WhiteElo "1605"]
[BlackElo "1605"]
[PlyCount "150"]
[EventDate "1993.??.??"]

1. e4 c5 2. d4 cxd4 3. c3 d3 4. Bxd3 Nc6 5. Nf3 d6 6. O-O Bg4 7. h3 Bh5 8. Nbd2
d5 9. Qb3 dxe4 10. Bxe4 Qc7 11. Bd5 Nf6 12. Bc4 e6 13. Re1 O-O-O 14. g4 Bg6 15.
Bb5 Kb8 16. Bxc6 Qxc6 17. Ne5 Qd5 18. Qxd5 Nxd5 19. Ndc4 Kc7 20. Bd2 Re8 21.
Nxg6 hxg6 22. Kh2 b5 23. Ne5 Bd6 24. f4 Rhf8 25. c4 Bxe5 26. fxe5 bxc4 27. Kg3
Kd7 28. Rac1 Nb6 29. Rcd1 Rc8 30. Ba5+ Nd5 31. Bd2 f5 32. Bf4 c3 33. bxc3 Rxc3+
34. Re3 Ke7 35. Rxc3 Nxc3 36. Bg5+ Kf7 37. Rd7+ Kg8 38. Rd8 Kf7 39. Rxf8+ Kxf8
40. Be3 a6 41. a3 Nb1 42. Bc5+ Kg8 43. Bb4 Kh7 44. g5 Kg8 45. Kf4 a5 46. Bc5
Nc3 47. Kf3 Nd5 48. Bd6 a4 49. Bc5 Kf7 50. Bd6 Ke8 51. Bc5 Kd7 52. Bd6 Nc7 53.
Bc5 Ne8 54. Bb4 Kc6 55. Ke3 Kd5 56. Kd3 Kxe5 57. Ke3 Kd5 58. Kd3 e5 59. Bc3 f4
60. Ke2 e4 61. Kf2 Ke6 62. Bd4 Kf5 63. h4 Kg4 64. Be5 e3+ 65. Ke2 Kf5 66. Bb8
Ke4 67. Ba7 f3+ 68. Ke1 Nd6 69. Bc5 Nf5 70. Kf1 Nxh4 71. Bb4 Ng2 72. Be1 Kd3
73. Ba5 f2 74. Bd2 e2+ 75. Kxf2 Kxd2 0-1

[Event "Flint (MI Senior/3)"]
[Site "?"]
[Date "1993.??.??"]
[Round "?"]
[White "Carpenter, O."]
[Black "Mayer, Raymond"]
[Result "0-1"]
[WhiteElo "1605"]
[BlackElo "1605"]
[PlyCount "122"]
[EventDate "1993.??.??"]

1. e4 e5 2. Nf3 Nc6 3. d4 Bd6 4. Bc4 h6 5. Nc3 Nf6 6. Nb5 O-O 7. Nxd6 cxd6 8.
c3 Re8 9. d5 Ne7 10. Qd3 Ng6 11. O-O Nf4 12. Bxf4 exf4 13. Rfe1 Ng4 14. h3 Ne5
15. Nxe5 dxe5 16. Qe2 d6 17. Bb5 Re7 18. c4 Rc7 19. Rac1 Qg5 20. Qf3 f5 21. g4
fxg4 22. Qg2 gxh3 23. Qxg5 hxg5 24. Kh2 Bg4 25. Rg1 Bf3 26. Rxg5 Bxe4 27. Rcg1
g6 28. f3 Bxf3 29. Rxg6+ Kh8 30. Rh6+ Rh7 31. Rxd6 Bg2 32. c5 Rf8 33. c6 f3 34.
c7 Rxc7 35. Bd3 f2 36. Rh6+ Kg8 37. Rg6+ Rg7 38. Rxg7+ Kxg7 39. Rc1 f1=Q 40.
Rc7+ Rf7 41. Bxf1 Bxf1 42. Rxf7+ Kxf7 43. Kg1 Bg2 44. Kh2 Ke7 45. Kg3 e4 46.
Kf2 Kd6 47. b4 Kxd5 48. a4 Kd4 49. b5 Kd3 50. a5 Kd2 51. b6 e3+ 52. Kg3 a6 53.
Kh2 e2 54. Kg1 e1=Q+ 55. Kh2 Qh1+ 56. Kg3 h2 57. Kg4 Qf1 58. Kg5 h1=Q 59. Kg4
Bc6 60. Kg3 Qhg2+ 61. Kh4 Qfh1# 0-1

[Event "East Lansing (MOR/4/49)"]
[Site "?"]
[Date "1993.??.??"]
[Round "?"]
[White "Carpenter, O."]
[Black "Leaman, P."]
[Result "1-0"]
[WhiteElo "1605"]
[BlackElo "1605"]
[PlyCount "51"]
[EventDate "1993.??.??"]

{4/(49)} 1. e4 e5 2. Nf3 Nc6 3. Bb5 a6 4. Bxc6 dxc6 5. O-O Bd6 6. d4 exd4 7.
Qxd4 c5 8. Qxg7 Qf6 9. Qxf6 Nxf6 10. e5 Be7 11. exf6 Bxf6 12. Re1+ Be6 13. Ng5
Bxg5 14. Bxg5 Rg8 15. Be3 b6 16. Nc3 O-O-O 17. Rad1 Rde8 18. a3 Rg6 19. Nd5 Bf5
20. Bf4 Rxe1+ 21. Rxe1 Re6 22. Rxe6 fxe6 23. Ne7+ Kd7 24. Nxf5 exf5 25. Bh6 c6
26. h3 {[Remainder illegible; 1-0, 59?]} 1-0

[Event "East Lansing (MOR/4/31)"]
[Site "?"]
[Date "1993.??.??"]
[Round "?"]
[White "Carpenter, George"]
[Black "Williams, C."]
[Result "1-0"]
[WhiteElo "1605"]
[BlackElo "1605"]
[PlyCount "99"]
[EventDate "1993.??.??"]

{4/(31)} 1. Nf3 f5 2. g3 Nf6 3. Bg2 g6 4. O-O Bg7 5. d3 d6 6. Nbd2 O-O 7. c3
Nc6 8. e4 e5 9. Re1 f4 10. d4 g5 11. Nxg5 h6 12. Qb3+ d5 13. exd5 Nxd4 14. cxd4
hxg5 15. dxe5 Ng4 16. e6 Qe7 17. Nf3 Bf6 18. h3 Nxf2 19. Kxf2 Qc5+ 20. Ke2 fxg3
21. Be3 Qd6 22. Qd3 Kg7 23. Rf1 b5 24. Bd4 Ba6 25. Bxf6+ Rxf6 26. Qd4 b4+ 27.
Ke3 Bxf1 28. Rxf1 c5 29. Qg4 Qf4+ 30. Ke2 Qxg4 31. hxg4 Rd8 32. Nxg5 Rxf1 33.
Kxf1 Rf8+ 34. Nf7 Kf6 35. Ke2 Ke7 36. Kf3 c4 37. Kxg3 c3 38. Be4 a5 39. Bf5
cxb2 40. d6+ Ke8 41. d7+ Ke7 42. d8=Q+ Rxd8 43. Nxd8 Kxd8 44. g5 a4 45. g6 a3
46. g7 b3 47. g8=Q+ Ke7 48. Qf7+ Kd6 49. e7 bxa2 50. Qxa2 1-0